Statistiques concernant Associer le titre à l'heure dans l'album des Casseurs Flowters

Cliquez ici pour prendre le quiz!

Statistiques générales

  • Ce quiz a été pris 25 fois
  • Le résultat moyen est 7 sur 18

Statistiques - réponses

HeureTitre% Correct
06h16Des histoires à raconter
72%
15h02Regarde comme il fait beau
72%
01h16Les putes et moi
56%
03h53Manger c'est tricher
50%
18h30Bloqué
44%
16h22Deux connards dans un abribus
44%
15h45Stupide ¡ Stupide ¡ Stupide ¡
44%
20h13La nouvelle paire
39%
01h47Change de pote
33%
22h31Fais les backs
33%
19h26La mort du disque
33%
14h58Casseurs Flowters Opening
28%
04h41Greenje et Orselane
28%
01h25Johnny Galoche
28%
20h08Dans la place pour être
22%
17h04Prends des pièces
22%
16h00Tu m'dois d'l'oseille
22%
01h14Couplet de Claude
17%

Distribution des résultats

Percentile par nombre de réponses

% des personnes avec chaque résultat

Votre développement - résultats

Vous n’avez pas pris ce quiz